1361 1958 1064 1139 1035 1988 1096 1601 1586 1686 1504 1499 1501 1960 1769 1091 1838 1223 1066 1883 1374 1814 1564 1485 1839 1691 1418 1413 1834 1120 1954 1733 1260 1695 1319 1429 1448 1164 1657 1161 1822 1837 1041 1158 1622 1478 1490 1368 1167 1077 1640 1179 1749 1099 1995 1901 1111 1056 1987 1028 1493 1184 1718 1734 1615 1371 1318 1343 1896 1473 1702 1707 1110 1967 1977 1706 1501 1454 1442 1103 1999 1311 1025 1384 1095 1811 1229 1610 1279 1436 1571 1727 1031 1290 1368 1529 1870 1684 1495 BCNSPRNW ULIB Ver.6.0+V

เปลี่ยนเป็นภาษาไทย

Change to English
 แสดงรายละเอียดบรรณานุกรม
  กลับหน้าหลัก

Brief Record : Get Marc (ISO 2709) : E-mail record : QR code < ปิดหน้าต่าง
LEADER : 00000nam 2200000uu 4500
001    13399114248
003     ULIB
008    111003s||||||||th 000 0 tha d
020    9789740321330
050  4 QA278.7^bศ592ก
100 0  ศิริชัย พงษ์วิชัย
245 10 การวิเคราะห์ข้อมูลทางสถิติด้วยคอมพิวเตอร์ : เน้นสำหรับงานวิจัย /^cศิริชัย พงษ์วิชัย
250    พิมพ์ครั้งที่ 22
260    กรุงเทพฯ :^bสำนักพิมพ์แห่งจุฬาลงกรณ์มหาวิทยาลัย,^c2554
300    479 หน้า :^bภาพประกอบ ;^c27 ซม.
650  4 เอสพีเอสเอส (โปรแกรมคอมพิวเตอร์)
650  4 สังคมศาสตร์^xการประมวลผลข้อมูล
650  4 สถิติ^xการประมวลผลข้อมูล
650  4 การประมวลผลข้อมูลอิเล็กทรอนิกส์
945    ^p350^l0^i031224
945    ^p350^l0^i033205
995    ทศพร
999 ^a ทศพร
รายการนี้ยังไม่มีแท็ก
คุณยังไม่ได้ล็อกอิน คุณสามารถมีกิจกรรมร่วมกับเว็บไซต์ได้ แต่ต้องล็อกอินก่อน ::
  ล็อกอิน

รายการสื่อสารสนเทศ

ลำดับที่ ประเภท เลขเรียก/บาร์โค้ด สถานที่ สถานะ
1. วิทยาศาสตร์การแพทย์ และสุขภาพ
วิทยาศาสตร์การแพทย์ และสุขภาพ
QA278.7 ศ592ก ฉ.2 
  Barcode: 033205
ห้องสมุดวิทยาเขตสวรรค์ประชารักษ์
►หนังสือทั่วไป
บนชั้น

รายการใกล้เคียง
    ผู้แต่ง [ศิริชัย พงษ์วิชัย]

    หัวเรื่อง [เอสพีเอสเอส (โปรแกรมคอมพิวเตอร์)]
    หัวเรื่อง [การประมวลผลข้อมูลอิเล็กทรอนิกส์]

BibComment


ยังไม่เคยถูกคอมเมนท์

คอมเมนท์ทรัพยากรรายการนี้
  คอมเมนท์: การวิเคราะห์ข้อมู..


 Copyright 2026. Bcnsprnw @Library